000 00455nam a2200193Ia 4500
008 151119s9999||||xx |||||||||||||| ||und||
082 _a891.461
082 _bGKKV28398
100 _aसावंत वसंत
245 _aवसा
260 _a--
260 _b--
260 _c2007
600 _aसावंत वसंत
630 _aवसा
700 _aसावंत वसंत
730 _aवसा
942 _cBOOK
999 _c1080797
_d1080794